| 000 | 01101cam a2200301 a 4500 | ||
|---|---|---|---|
| 999 |
_c523575 _d523575 |
||
| 001 | 16067175 | ||
| 003 | NUST | ||
| 005 | 20190427102357.0 | ||
| 008 | 100125s2010 ja 000 1 eng | ||
| 010 | _a 2010001697 | ||
| 020 | _a9780804840958 (pbk.) | ||
| 038 | _aAZHAR | ||
| 040 |
_aDLC _cDLC _dDLC |
||
| 041 | 1 |
_aeng _hchi |
|
| 050 | 0 | 0 |
_aPL2694.S5 _bE5 2010 |
| 082 | 0 | 0 |
_a895.1/34 _222 |
| 130 | 0 |
_aShui hu zhuan. _lEnglish _914246 |
|
| 245 | 1 | 4 |
_aThe water margin : _boutlaws of the marsh / _cwritten by Shi Naian ; translated by J. H. Jackson ; with a new foreword by Edwin Lowe. |
| 250 | _a1st ed. | ||
| 260 |
_aTokyo ; _aRutland, Vt. : _bTuttle Pub., _cc2010. |
||
| 300 |
_axlix, 798 p. ; _c21 cm. |
||
| 700 | 1 |
_aShi, Nai'an, _dapproximately 1290-approximately 1365. _914247 |
|
| 700 | 1 |
_aJackson, J. H. _914248 |
|
| 700 | 1 |
_aLowe, Edwin, _d1972- _914249 |
|
| 906 |
_a7 _bcbc _corignew _d1 _eecip _f20 _gy-gencatlg |
||
| 942 |
_2ddc _cBK |
||